header

Resisting nudities (Record no. 223864)

MARC details
000 -LEADER
fixed length control field 01515nam a2200337 a 4500
082 04 - DEWEY DECIMAL CLASSIFICATION NUMBER
Classification number 306.77
100 1# - MAIN ENTRY--AUTHOR NAME
Personal name Boodakian, Florence Dee,
245 10 - TITLE STATEMENT
Title Resisting nudities
260 ## - PUBLICATION, DISTRIBUTION, ETC. (IMPRINT)
Place of publication New York :
Name of publisher Peter Lang,
Year of publication c2008.
300 ## - PHYSICAL DESCRIPTION
Number of Pages 102 p.
505 0# - FORMATTED CONTENTS NOTE
Formatted contents note The resisting nude -- The bare necessity of the kiss -- The sense connection : poesis making & the erotic -- Porn & the erotic : a border of impossibility -- Surveilled body/surveilled mind -- Resistance, revolt and the poetry of jouissance.
650 #0 - SUBJECT ADDED ENTRY--TOPICAL TERM
Topical Term Human body
Topical Term Nudity
Topical Term Eroticism in literature.
856 40 - ELECTRONIC LOCATION AND ACCESS
Uniform Resource Identifier http://site.ebrary.com/lib/rucke/Doc?id=10516934

No items available.

© 2026 Rongo University
Contact us: librarian | system librarian | Rongo university